000
00260nam a22001217a 4500
008
180226b xxu||||| |||| 00| 0 eng d
041
_a
eng
080
_a
618
100
_a
49
101
_a
PSI
245
_a
NO SENSE OF PLACE
_c
JOSHUA,M
942
_2
udc
_c
BK
999
_c
43463
_d
43463